书目信息 |
| 题名: |
服饰专业英语
|
|
| 作者: | 张蕾 , 史海亮 著 | |
| 分册: | ||
| 出版信息: | 合肥 合肥工业大学出版社 2009.12 |
|
| 页数: | 120页 | |
| 开本: | 26cm | |
| 丛书名: | 服装艺术与工程系列 | |
| 单 册: | ||
| 中图分类: | H31 | |
| 科图分类: | ||
| 主题词: | 服饰--fu shi--英语--高等学校--教材 | |
| 电子资源: | ||
| ISBN: | 978-7-5650-0014-0 | |
| 000 | 01142nam 2200301 450 | |
| 001 | 012010515699 | |
| 005 | 20100415162225.87 | |
| 010 | @a978-7-5650-0014-0@dCNY48.00 (含光盘) | |
| 100 | @a20100415d2009 em y0chiy0120 ea | |
| 101 | 0 | @achi@aeng |
| 102 | @aCN@b340000 | |
| 105 | @aa a 000yy | |
| 106 | @ar | |
| 200 | 1 | @a服饰专业英语@Afu shi zhuan ye ying yu@d= Fashion terminology in English@f张蕾, 史海亮著@Fzhang lei,shi hai liang zhu@zeng |
| 210 | @a合肥@c合肥工业大学出版社@d2009.12 | |
| 215 | @a120页@c图@d26cm@e光盘1片 | |
| 225 | 2 | @a服装艺术与工程系列@Afu zhuang yi shu yu gong cheng xi lie |
| 300 | @a高等院校应用型设计教育规划教材 | |
| 320 | @a有书目 (第120页) | |
| 330 | @a本书共有相关时装专业的六个章节13个单元,每单元由三部分组成,课后的练习中有填空题,选择题,连线题,问答题,写作题,还有讨论与角色扮演。 | |
| 410 | 0 | @12001 @a服装艺术与工程系列 |
| 510 | 1 | @aFashion terminology in English@zeng |
| 606 | 0 | @a服饰@Afu shi@x英语@x高等学校@j教材 |
| 690 | @aH31@v4 | |
| 701 | 0 | @a张蕾@Azhang lei@4著 |
| 701 | 0 | @a史海亮@Ashi hai liang@4著 |
| 801 | 0 | @aCN@bQSSK@c20100415 |
| 905 | @b778491-93@dH31@eZ133@f3 | |
| 服饰专业英语= Fashion terminology in English/张蕾, 史海亮著.-合肥:合肥工业大学出版社,2009.12 |
| 120页:图;26cm+光盘1片.-(服装艺术与工程系列) |
| 高等院校应用型设计教育规划教材 |
| ISBN 978-7-5650-0014-0:CNY48.00 (含光盘) |
| 本书共有相关时装专业的六个章节13个单元,每单元由三部分组成,课后的练习中有填空题,选择题,连线题,问答题,写作题,还有讨论与角色扮演。 |
| ● |
| 相关链接 |
|
|
|
正题名:服饰专业英语
索取号:H31/Z133
 
预约/预借
| 序号 | 登录号 | 条形码 | 馆藏地/架位号 | 状态 | 备注 |
| 1 | 778491 | 207784913 | 语言库209/209语言库 90排2列6层/ [索取号:H31/Z133] | 在馆 | |
| 2 | 778492 | 207784922 | 语言库209/209语言库 90排2列6层/ [索取号:H31/Z133] | 在馆 | |
| 3 | 778493 | 207784931 | 语言库209/209语言库 90排2列6层/ [索取号:H31/Z133] | 在馆 |